<?xml version="1.0" encoding="UTF-8"?>
<record
    xmlns:xsi="http://www.w3.org/2001/XMLSchema-instance"
    xsi:schemaLocation="http://www.loc.gov/MARC21/slim http://www.loc.gov/standards/marcxml/schema/MARC21slim.xsd"
    xmlns="http://www.loc.gov/MARC21/slim">

  <leader>00616nam a2200181Ia 4500</leader>
  <controlfield tag="008">220531s9999    xx            000 0 und d</controlfield>
  <datafield tag="041" ind1=" " ind2=" ">
    <subfield code="a">mar</subfield>
  </datafield>
  <datafield tag="082" ind1=" " ind2=" ">
    <subfield code="a">-</subfield>
    <subfield code="b">TAT</subfield>
  </datafield>
  <datafield tag="100" ind1=" " ind2=" ">
    <subfield code="a">&#x92C;&#x926;&#x93E;&#x92E;&#x947;, &#x924;&#x93E;&#x924;&#x94B;&#x92C;&#x93E;</subfield>
    <subfield code="9">84709</subfield>
  </datafield>
  <datafield tag="245" ind1=" " ind2=" ">
    <subfield code="a">&#x915;&#x94D;&#x937;&#x93F;&#x92A;&#x94D;&#x930;&#x947;&#x91A;&#x947; &#x938;&#x94C;&#x902;&#x926;&#x930;&#x94D;&#x92F;&#x92F;&#x93E;&#x924;&#x94D;&#x930;&#x940;: &#x936;&#x930;&#x91A;&#x94D;&#x91A;&#x902;&#x926;&#x94D;&#x930; &#x906;&#x923;&#x93F; &#x917;&#x91C;&#x93E;&#x928;&#x928; &#x92E;&#x93E;&#x927;&#x935; &#x92E;&#x941;&#x915;&#x94D;&#x924;&#x93F;&#x92C;&#x94B;&#x927;&#x93E;&#x902;&#x91A;&#x940; &#x915;&#x935;&#x93F;&#x924;&#x93E;</subfield>
  </datafield>
  <datafield tag="250" ind1=" " ind2=" ">
    <subfield code="a">1ST</subfield>
  </datafield>
  <datafield tag="260" ind1=" " ind2=" ">
    <subfield code="a">Pune</subfield>
    <subfield code="b">Scion</subfield>
    <subfield code="c">2014</subfield>
  </datafield>
  <datafield tag="300" ind1=" " ind2=" ">
    <subfield code="a">256</subfield>
  </datafield>
  <datafield tag="542" ind1=" " ind2=" ">
    <subfield code="d">24-04-2018</subfield>
  </datafield>
  <datafield tag="650" ind1=" " ind2=" ">
    <subfield code="a">Poem</subfield>
    <subfield code="9">84710</subfield>
  </datafield>
  <datafield tag="906" ind1=" " ind2=" ">
    <subfield code="d">2018-2019</subfield>
    <subfield code="f">12555</subfield>
  </datafield>
  <datafield tag="999" ind1=" " ind2=" ">
    <subfield code="c">46599</subfield>
    <subfield code="d">46599</subfield>
  </datafield>
  <datafield tag="952" ind1=" " ind2=" ">
    <subfield code="0">0</subfield>
    <subfield code="1">0</subfield>
    <subfield code="2">ddc</subfield>
    <subfield code="4">0</subfield>
    <subfield code="7">0</subfield>
    <subfield code="8">Marathi</subfield>
    <subfield code="a">SSMM</subfield>
    <subfield code="b">SSMM</subfield>
    <subfield code="d">2018-06-04</subfield>
    <subfield code="e">Scion</subfield>
    <subfield code="g">280.00</subfield>
    <subfield code="l">0</subfield>
    <subfield code="n">1</subfield>
    <subfield code="o">-/TAT/B/24109</subfield>
    <subfield code="p">SSMM-BK-24109</subfield>
    <subfield code="r">2022-08-06 00:00:00</subfield>
    <subfield code="v">280.00</subfield>
    <subfield code="w">2022-08-06</subfield>
    <subfield code="y">BK</subfield>
    <subfield code="z">010024109</subfield>
  </datafield>
</record>
